Statistics for 100 richest people in the world

Click here to take the quiz!

General Stats

  • This quiz has been taken 488 times
  • The average score is 14 of 100

Answer Stats

HintAnswer% Correct
1Bill Gates
94%
15Jeff Bezos
65%
3Warren Buffet
54%
33Jack Ma
52%
2Carlos Helu
42%
9Jim Walton
35%
11Alice Walton
34%
46Laurene Jobs
34%
8Christy Walton
33%
16Mark Zuckerburg
33%
12Robert Walton
33%
6Charles Koch
30%
7David Koch
30%
4Amancio Ortega
29%
5Larry Ellison
29%
19Larry Page
28%
20Sergey Brin
28%
14Michael Bloomberg
26%
52Paul Allen
24%
87Abigail Johnson
21%
65Robin Li
21%
48Michael Dell
19%
22Forrest Mars J.R
18%
23Jacqueline Mars
18%
24John Mars
18%
10Liliane Bettencourt
17%
25David Thompson
16%
67Francois Pinault
16%
85Lui Che Woo
16%
79Rupert Murdoch
16%
29George Soros
15%
17Li Ka Shing
15%
18Sheldon Adelson
15%
76Masayoshi Son
14%
96Charles Butt
13%
47Dieter Schwarz
13%
66Donald Bren
13%
93Gerald Grosvenor
13%
40Mukesh Ambani
13%
100Patrick Soon-Shiong
13%
28Stefan Persson
13%
13Bernard Aurnault
12%
31Carl Icahn
12%
38Karl Albrecht J.R
12%
60Raymond Kwok
12%
50Theo Albrecht J.R
12%
59Thomas Kwok
12%
21Georg Schaeffler
11%
97Gina Rinehart
11%
99Harold Hamm
11%
74Henry Sy
11%
95Jack Taylor
11%
92Marcel Telles
11%
32Maria Fissolo
11%
36Phil Knight
11%
35Steve Ballmer
11%
81David Reuben
10%
84Iris Fontbona
10%
82Simon Reuben
10%
54Anne Cox Chambers
9%
78German Velasco
9%
94Hans Rausing
9%
88Luis Sarmiento
9%
77James Simons
8%
53Joseph Safra
6%
51Michael Otto
6%
61Stefan Quandt
6%
80Johanna Quandt
5%
56Pallonji Mistry
5%
62Ray Dalio
5%
86Lakshmi Mittal
4%
27Lee Shau Kee
4%
89Lei Jun
4%
57Ma Huateng
4%
70Mikhail Friedman
4%
98Vagit Alekperov
4%
37Beate Heister
3%
26Jorge Lemann
3%
71Ronald Perelman
3%
68Shiv Nadar
3%
42Len Blavatnik
2%
41Leonardo del Vecchio
2%
34Prince Alwaleed al-Saud
2%
55Susanne Klatten
2%
30Wang Jianlin
2%
91Alexey Mordashov
1%
69Aliko Dangote
1%
73Alister Usmanov
1%
49Azim Premji
1%
44Charles Ergen
1%
72Cheng Yu-Tung
1%
45Dilip Shanghvi
1%
58Patrick Drahi
1%
64Serge Dassault
1%
43Tadashi Yanai
1%
63Vladimir Potanin
1%
90Charoen Sirivadhanadhakdi
0%
83Dhanin Chearavanont
0%
39Li Hejun
0%
75Viktor Vekselberg
0%

Score Distribution

Percentile by Number Answered

Percent of People with Each Score

Your Score History

You have not taken this quiz